000 00247nmm a2200085Ia 4500
008 220120s9999||||xx |||||||||||||||||und||
100 _aDigit
245 0 _aCoverage, tutorials, trimble sketch up, games
260 _aNine dot nine interactive ltd.
_c2013
999 _c139838
_d139838